00955nam a2200241 a 450000100100000000500170001000800410002704000250006808200180009310000490011124500900016026000350025030000390028550000640032450400320038859000250042065000250044565000330047065000370050391000400054095201160058099900170069600001383620250311111111.0091130s2000 dr 001 0 spa d aDO-SdBNPbspacBNPHU a001.42bH557t1 aHernández Disla, Pablo Ma.,d1942 -93133910aTécnicas como instrumento de investigación científica /cPablo Ma. Hernández. aSanto Domingo :bGoris,c2000. a200 p. :bil., gráfcs. ;c21 cm. aIncluye datos biográficos del autor en la contracubierta. aBibliografía: p. 197-200. aInventariado,2018/DG 0a Investigación 92 0a Ciencia -xMetodología93 4aProyectos de investigación912 aValidado. Control de la calidad EMS 0010718PDaPDbPDcHDd2009-11-30iLF1l0o001.42 H557tp13836-10r2020-06-25w2020-06-25yLFPDZNo se presta c13447d13447